01085nam a2200265 a 450000100060000000300080000600500170001400800410003103500190007204000310009104100110012208200250013310000600015824501840021826000480040230000340045050400290048465000330051365000450054670000270059170000250061894200120064399900170065595201470067270183BD-RjUL20211209081955.0170416s1964 nyua b 000 0 eng d a(BD-RjUL)70396 aDLC/ICUcICUdBD-RjULbeng1 aengrus00a530.15223bKOD 19641 aKoshli︠a︡kov, N. S.q(Nikolaĭ Sergeevich)920784810aDifferential equations of mathematical physics /c[by] N.S. Koshlyakov, M.M. Smirnov [and] E.B. Gliner. Translated by Scripta Technica, inc. Translation editor: Herbert J. Eagle. aNew York :bInterscience Publishers,c1964. axvi, 701 p. :bill. ;c23 cm. aBibliography: p.700-701. 0aMathematical physics9207849 0aDifferential equations, Partial.9207850 aSmirnov, M M 9207851 a Gliner, E B9207852 2ddccBK c70183d70183 00102ddc40718NFICaRUCLbRUCLcReadingd1968-10-22eBook View, Dhakag120.00l0o530.15 KOD 1964r2017-04-16 00:00:00tC-1w2017-04-16yBK